000 00573nam a2200205 a 4500
001 19157
003 CO-ViMGA
008 141112s2004 ck r 000 u spa d
020 _a9681661519
040 _aCO-ViMGA
_bspa
_cCO-ViMGA
082 0 4 _aISOr
100 1 _aIsol,
_927459
245 1 0 _aRegalo sorpresa
260 _aMexico :
_bFondo de Cultura Ecónomica; 1998
490 _aA la orilla del viento
590 _aForma de adquisición : Premio Mincultura
650 1 4 _aCUENTOS - REGALOS
_927460
650 1 4 _aCUENTOS INFANTILES ARGENTINOS
_916313
942 _2ddc
_cBK
999 _c28320
_d28320